| 000 | 00705nam a2200229 u 4500 | ||
|---|---|---|---|
| 001 | 000003684 | ||
| 005 | 20200929150529.0 | ||
| 008 | 090713s1985 dr r 000 0 spa d | ||
| 020 | _a848632923X | ||
| 040 |
_aDO-SdBNP _bspa _cBNPHU |
||
| 082 | _aV945i | ||
| 100 | 1 |
_aVon Soden, Wolfram _911279 |
|
| 245 | 1 | 0 |
_aIntroducción al orientalismo antiguo / _cWolfram Von Soden. |
| 246 | 1 | 1 | _iEinführung in die altorientalistik |
| 260 |
_aBarcelona : _bAusa. |
||
| 300 |
_a321p. : _bil. : ; _c24 cm. |
||
| 440 | 0 |
_aEstudios orientales _911280 |
|
| 500 | _aIncluye índice onomástico | ||
| 500 | _aIncluye índice de temas | ||
| 500 | _aIncluye índice general | ||
| 500 | _aIncluye notas a pie de páginas | ||
| 999 |
_c3506 _d3506 |
||